| 000 | 00539nam a22002057a 4500 | ||
|---|---|---|---|
| 003 | OSt | ||
| 005 | 20140310183049.0 | ||
| 008 | 130227t xxu||||| |||| 00| 0 eng d | ||
| 020 | _a9789712348709 | ||
| 050 |
_aQL53 _b.Al335 2007 |
||
| 082 |
_aFIL 590.72 _bAl1 2007 |
||
| 245 |
_aLaboratory manual in general Zoology _cAlbia Jr., Jose A. |
||
| 260 |
_aManila _bRex Book Store _c2007 |
||
| 300 |
_a85 p. _c25 cm |
||
| 521 | _aCollege Students | ||
| 526 | _c1210L-1700L | ||
| 541 | _j1 | ||
| 562 | _e1 | ||
| 942 |
_2lcc _cBK _kFIL |
||
| 999 |
_c18627 _d18627 |
||